| 000 | 00982nam a22002297a 4500 | ||
|---|---|---|---|
| 003 | OSt | ||
| 005 | 20260210093859.0 | ||
| 008 | 240924b ||||| |||| 00| 0 eng d | ||
| 040 | _c0 | ||
| 082 | _aDPer 371.206005 J826 Summer-Fall 2022 v. 48 n. 1-2 | ||
| 100 |
_aDaugherty, Alice L. _eauthor. _961624 |
||
| 245 |
_aAccess and importance of Pell awards at public regional historically black colleges and universities : _bwhat do the data say? / _cAlice L. Daugherty, Stephen G. Katsinas, and Noel Keeney. |
||
| 260 |
_aIllinois ; _bUniversity of Illinois Press , _cFall 2022. |
||
| 300 |
_aVolume 115, pages 113-137 : _billustration ; _c26 cm. |
||
| 500 | _aJournal of Education Finance, vol. 48, no. 2, pages 113-137, Fall 2022. | ||
| 650 | 0 |
_aColleges and Universities. _941783 |
|
| 650 | 0 |
_aStudents. _919468 |
|
| 700 |
_aDaugherty, Alice L. _eauthor. _961624 |
||
| 700 |
_aKatsinas, Stephen G. _eauthor. _961625 |
||
| 700 |
_a Keeney, Noel. _eauthor. _961626 |
||
| 942 |
_2ddc _cPER |
||
| 999 |
_c21846 _d21846 |
||